书目信息 |
| 书名: | FROZEN MAN | |
| 作者: | DAVID GETZ | |
| 分册号: | ||
| 分册名: | 出版地: | NEW YORK |
|
| 出版社: | HENRY HOLT AND COMPANY | |
| 出版时间: | 1994 | |
| 页数: | 68P | |
| 开本: | 16CM | |
| 丛书名: | ||
| 中图分类号: | ||
| 科图分类号: | ||
| 其他分类号: | N91 | |
| 主题词: | ||
| 电子资源: | ||
| 000 | 00361nam0 2200133 450 | |
| 001 | 202012000146 | |
| 005 | 20121107095113.0 | |
| 008 | 12101401s | |
| 020 | @a9780805046458@c$10.99 | |
| 099 | @dN91@eD2803 | |
| 245 | @aFROZEN MAN @cDAVID GETZ | |
| 260 | 0 | @aNEW YORK@bHENRY HOLT AND COMPANY@c1994 |
| 300 | @a68P@c16CM | |
| 905 | @aTSG@b5941-2@dN91@eD2803 | |
| FROZEN MAN / DAVID GETZ.-NEW YORK : HENRY HOLT AND COMPANY , 1994 |
| 68P ; 16CM |
| ISBN 9780805046458$10.99 |
| ● |
| 相关链接 |
|
|
|
正题名:FROZEN MAN
索取号:N91/D2803
 
预约/预借
| 序号 | 登录号 | 条形码 | 馆藏地/架位号 | 状态 | 备注 |
| 1 | 5941 | 300059415 | 自科库401/401自科库 142排1列3层/ [索取号:N91/D2803] | 在馆 | |
| 2 | 5942 | 300059424 | 自科库401/401自科库 142排1列3层/ [索取号:N91/D2803] | 在馆 |